[Event "POL-chT 2nd League"]
[Site "Jastrzebia Gora"]
[Date "2018.09.06"]
[Round "7.8"]
[White "Katafiasz, Tomasz"]
[Black "Rak, Tomasz"]
[Result "0-1"]
[WhiteElo "1919"]
[BlackElo "2018"]
[PlyCount "58"]
[EventDate "2018.09.01"]
[EventType "team-swiss"]
[EventRounds "9"]
[EventCountry "POL"]
[SourceTitle "CBM 186 Extra"]
[Source "ChessBase"]
[SourceDate "2018.08.24"]
[SourceVersion "1"]
[SourceVersionDate "2018.08.24"]
[SourceQuality "1"]
[WhiteTeam "Znin Baszta"]
[BlackTeam "Ostroda Ostrodzianka"]
[WhiteTeamCountry "POL"]
[BlackTeamCountry "POL"]

1. Nf3 Nf6 2. d4 d5 3. g3 Nbd7 4. Bg2 e6 5. 0-0 Bd6 6. c4 c6 7. Nc3 0-0 8. e4 dxe4 9. Ng5 h6 10. Ngxe4 Bc7 11. Qe2 Nxe4 12. Nxe4 e5 13. d5 f5 14. dxc6 bxc6 15. Nc3 e4 16. Be3 Ne5 17. Rad1 Qe8 18. Bc5 Rf6 19. f3 Be6 20. b3 Bf7 21. Qc2 exf3 22. Bxf3 Nxf3+ 23. Rxf3 f4 24. g4 Rg6 25. Kh1 Rxg4 26. Qf5 Rg5 27. Qd7 Bh5 28. Rff1 Bxd1 29. Qxc7 Bf3+ 0-1

[Event "POL-chT 2nd League"]
[Site "Jastrzebia Gora"]
[Date "2018.09.02"]
[Round "2.101"]
[White "Katafiasz, Tomasz"]
[Black "Tustanowski, Mateusz"]
[Result "1/2-1/2"]
[WhiteElo "1919"]
[BlackElo "2064"]
[PlyCount "140"]
[EventDate "2018.09.01"]
[EventType "team-swiss"]
[EventRounds "9"]
[EventCountry "POL"]
[SourceTitle "CBM 186 Extra"]
[Source "ChessBase"]
[SourceDate "2018.08.24"]
[SourceVersion "1"]
[SourceVersionDate "2018.08.24"]
[SourceQuality "1"]
[WhiteTeam "Znin Baszta II"]
[BlackTeam "Prudnik LKS Zarzewie"]
[WhiteTeamCountry "POL"]
[BlackTeamCountry "POL"]

1. Nf3 Nf6 2. d4 e6 3. g3 b6 4. Bg2 Bb7 5. 0-0 c5 6. c4 cxd4 7. Nxd4 Bxg2 8. Kxg2 Na6 9. Nc3 Qc8 10. Qd3 Be7 11. e4 Qb7 12. f3 0-0 13. Qe2 d6 14. Be3 Rac8 15. Rac1 Nc5 16. Rfd1 a6 17. b3 Rc7 18. Rd2 Ncd7 19. Qf2 Rfc8 20. Rdc2 Nc5 21. Rd1 Ncd7 22. Rdc1 Ne5 23. Qe2 Nfd7 24. f4 Ng6 25. Kg1 Bf6 26. Qf2 Nc5 27. Qd2 Nxe4 28. Nxe4 Qxe4 29. Ne2 b5 30. Nc3 Bxc3 31. Rxc3 Ne7 32. Qxd6 Nf5 33. Qd2 h5 34. Bb6 Rb7 35. Bf2 Rbb8 36. Re1 Qc6 37. c5 Rd8 38. Rd3 Rd5 39. Rxd5 exd5 40. Re5 Qf6 41. Rxd5 h4 42. g4 Ne7 43. Rd8+ Rxd8 44. Qxd8+ Kh7 45. Qd4 Qg6 46. h3 Qb1+ 47. Kg2 Nc6 48. Qd5 Ne7 49. Qe5 Ng6 50. Qe3 Qd1 51. Qe4 Qd2 52. Kf3 Qd1+ 53. Kg2 Qc1 54. c6 Kg8 55. f5 Nf4+ 56. Kh2 Qd2 57. Qd4 Nd3 58. Qd8+ Kh7 59. Qxh4+ Kg8 60. Qd8+ Kh7 61. Qd4 Qc2 62. Kg3 Nxf2 63. Qxf2 Qxc6 64. Qe3 Qd6+ 65. Kh4 Qf6+ 66. Kg3 Qd6+ 67. Kg2 Qc6+ 68. Qf3 Qc2+ 69. Qf2 Qe4+ 70. Qf3 Qc2+ 1/2-1/2

[Event "POL-chT 1st League"]
[Site "Poronin"]
[Date "2016.09.10"]
[Round "8.4"]
[White "Bardeli, Lukasz"]
[Black "Katafiasz, Tomasz"]
[Result "1-0"]
[WhiteElo "2188"]
[BlackElo "1888"]
[PlyCount "81"]
[EventDate "2016.09.03"]
[EventType "team-tourn"]
[EventRounds "9"]
[EventCountry "POL"]
[SourceTitle "CBM 174 Extra"]
[Source "ChessBase"]
[SourceDate "2016.10.10"]
[SourceVersion "1"]
[SourceVersionDate "2016.10.10"]
[SourceQuality "1"]
[WhiteTeam "Gniezno LKS Chrobry"]
[BlackTeam "Znin Baszta"]
[WhiteTeamCountry "POL"]
[BlackTeamCountry "POL"]

1. Nf3 Nf6 2. c4 e6 3. g3 Be7 4. Bg2 d5 5. 0-0 0-0 6. b3 c5 7. Bb2 Nc6 8. e3 d4 9. exd4 cxd4 10. Re1 Bc5 11. d3 Qc7 12. Ba3 Bxa3 13. Nxa3 a6 14. Nc2 e5 15. b4 Re8 16. a4 Bg4 17. h3 Bh5 18. Qd2 Rad8 19. Ng5 Bg6 20. Rad1 h6 21. Ne4 Nxe4 22. dxe4 f6 23. Na3 Qe7 24. c5 a5 25. b5 Nb4 26. Nc4 Qxc5 27. Nxa5 Qe7 28. Rb1 Ra8 29. Nc4 Nd5 30. exd5 Bxb1 31. Rxb1 Rxa4 32. d6 Qd8 33. Bxb7 Rxc4 34. Bd5+ Kh8 35. Bxc4 Qxd6 36. b6 e4 37. Qf4 Qxf4 38. gxf4 d3 39. f5 Rb8 40. Bd5 d2 41. b7 1-0

[Event "POL-chT 1st League"]
[Site "Poronin"]
[Date "2016.09.04"]
[Round "2.1"]
[White "Orzechowski, Jacek"]
[Black "Katafiasz, Tomasz"]
[Result "1/2-1/2"]
[WhiteElo "2135"]
[BlackElo "1888"]
[PlyCount "89"]
[EventDate "2016.09.03"]
[EventType "team-tourn"]
[EventRounds "9"]
[EventCountry "POL"]
[SourceTitle "CBM 174 Extra"]
[Source "ChessBase"]
[SourceDate "2016.10.10"]
[SourceVersion "1"]
[SourceVersionDate "2016.10.10"]
[SourceQuality "1"]
[WhiteTeam "Raciborz Silesia"]
[BlackTeam "Znin Baszta"]
[WhiteTeamCountry "POL"]
[BlackTeamCountry "POL"]

1. c4 c5 2. Nf3 Nc6 3. Nc3 g6 4. e3 Nf6 5. d4 cxd4 6. exd4 d5 7. Bg5 Ne4 8. cxd5 Nxc3 9. bxc3 Qxd5 10. Be2 Bg4 11. c4 Qf5 12. Be3 Bg7 13. 0-0 0-0 14. Rb1 Rad8 15. d5 b6 16. Nh4 Qh5 17. Bxg4 Qxh4 18. g3 Qf6 19. Qa4 Na5 20. Rfd1 h5 21. Bh3 Qf3 22. Bg2 Qg4 23. Rdc1 Qd7 24. Qxd7 Rxd7 25. c5 bxc5 26. Rxc5 Nb7 27. Rc6 Nd6 28. Ra6 f5 29. Rxa7 Rxa7 30. Bxa7 Ra8 31. Rb8+ Rxb8 32. Bxb8 Bd4 33. Bc7 Nb5 34. Bd8 Kf8 35. a4 Ke8 36. Ba5 Nc3 37. d6 exd6 38. Bc6+ Ke7 39. Kg2 g5 40. h4 gxh4 41. gxh4 Ne4 42. f3 Nc3 43. Bb4 Na2 44. Bd2 Bc3 45. Bxc3 1/2-1/2

[Event "Lazy op 12th"]
[Site "Lazy"]
[Date "2016.07.04"]
[Round "8"]
[White "Katafiasz, Tomasz"]
[Black "Marczuk, Anna"]
[Result "0-1"]
[WhiteElo "1888"]
[BlackElo "1931"]
[PlyCount "96"]
[EventDate "2016.06.26"]
[EventType "swiss"]
[EventRounds "9"]
[EventCountry "POL"]
[SourceTitle "CBM 173 Extra"]
[Source "ChessBase"]
[SourceDate "2016.08.29"]
[SourceVersion "1"]
[SourceVersionDate "2016.08.29"]
[SourceQuality "1"]

1. Nf3 d6 2. d4 f5 3. g3 Nf6 4. Bg2 g6 5. 0-0 Bg7 6. c4 0-0 7. Nc3 e6 8. Rb1 Nbd7 9. b4 e5 10. Qb3 h6 11. dxe5 dxe5 12. Rd1 Qe7 13. e4 Nxe4 14. Nxe4 fxe4 15. Nh4 Qf7 16. c5 Nf6 17. Qxf7+ Kxf7 18. Bf1 Be6 19. Bb2 g5 20. Ng2 Bxa2 21. Ra1 Bb3 22. Re1 Rfe8 23. Ra3 Bd5 24. Ne3 c6 25. Nc4 Bxc4 26. Bxc4+ Kg6 27. Rd1 a6 28. h3 h5 29. Re3 Kf5 30. Be2 g4 31. Bf1 Red8 32. Rde1 Bh6 33. Rb3 Rd7 34. hxg4+ hxg4 35. f4 exf4 36. Bxf6 Kxf6 37. gxf4 Kf5 38. Bg2 Rd4 39. Rbb1 Bxf4 40. Rf1 Ke5 41. Rfe1 e3 42. Rb3 Rad8 43. Rbb1 Rd2 44. Bf1 Rc2 45. Be2 Rdd2 46. Kf1 Bg3 47. Bxg4 Bxe1 48. Kxe1 e2 0-1

[Event "Lazy op 12th"]
[Site "Lazy"]
[Date "2016.07.01"]
[Round "6"]
[White "Garbowski, Jakub"]
[Black "Katafiasz, Tomasz"]
[Result "1-0"]
[WhiteElo "2102"]
[BlackElo "1888"]
[PlyCount "59"]
[EventDate "2016.06.26"]
[EventType "swiss"]
[EventRounds "9"]
[EventCountry "POL"]
[SourceTitle "CBM 173 Extra"]
[Source "ChessBase"]
[SourceDate "2016.08.29"]
[SourceVersion "1"]
[SourceVersionDate "2016.08.29"]
[SourceQuality "1"]

1. e4 d5 2. exd5 Nf6 3. d4 Bg4 4. Nf3 Nxd5 5. Be2 Nc6 6. 0-0 e6 7. c3 Be7 8. Qb3 a6 9. Re1 0-0 10. Nbd2 Nf6 11. Nc4 Qd5 12. Bf4 Na5 13. Nxa5 Qxa5 14. c4 Qb6 15. Qe3 Bf5 16. Qc1 Rad8 17. Rd1 c5 18. Be3 Ng4 19. dxc5 Rxd1+ 20. Qxd1 Bxc5 21. Bxc5 Qxc5 22. Qd4 Qc7 23. Rd1 e5 24. Qd6 Qa5 25. h3 Bc2 26. Rd5 Qxa2 27. hxg4 e4 28. Nd4 Qxb2 29. Nf5 h6 30. Qxf8+ 1-0

[Event "POL-chT 2nd League"]
[Site "Szczyrk"]
[Date "2014.09.10"]
[Round "5.71"]
[White "Jewulski, Krzysztof"]
[Black "Katafiasz, Tomasz"]
[Result "1-0"]
[WhiteElo "1878"]
[BlackElo "1890"]
[PlyCount "109"]
[EventDate "2014.09.06"]
[EventType "team-swiss"]
[EventRounds "9"]
[EventCountry "POL"]
[SourceTitle "EXT 2015"]
[Source "ChessBase"]
[SourceDate "2014.11.20"]
[SourceVersion "1"]
[SourceVersionDate "2014.11.20"]
[SourceQuality "1"]
[WhiteTeam "Drogowiec"]
[BlackTeam "Znin Baszta II"]
[WhiteTeamCountry "POL"]
[BlackTeamCountry "POL"]

1. d4 Nf6 2. c4 g6 3. Nc3 d5 4. cxd5 Nxd5 5. Nf3 Bg7 6. g3 0-0 7. Bg2 Nc6 8. 0-0 h6 9. e4 Nxc3 10. bxc3 Na5 11. Bf4 b6 12. Be5 f6 13. Bf4 g5 14. Bc1 Ba6 15. Re1 Rc8 16. Bh3 Rb8 17. Be6+ Kh7 18. d5 c5 19. e5 Bc8 20. Qc2+ Kh8 21. c4 Bxe6 22. dxe6 Nc6 23. exf6 Rxf6 24. Ne5 Nxe5 25. Rxe5 Rxf2 26. Qxf2 Bxe5 27. Bb2 Bxb2 28. Qxb2+ Qd4+ 29. Qxd4+ cxd4 30. Kf2 Kg7 31. Ke2 Kf6 32. Kd3 Kxe6 33. Kxd4 Rd8+ 34. Kc3 Rf8 35. a4 Rf5 36. Ra2 Kd6 37. Kd4 Ra5 38. Ra1 h5 39. Ra2 Rc5 40. Rc2 e5+ 41. Kc3 h4 42. gxh4 gxh4 43. Rg2 Ra5 44. Rg4 Rxa4 45. c5+ Kxc5 46. Rxa4 a5 47. Rxh4 b5 48. Rh8 b4+ 49. Kb3 e4 50. Rh5+ Kd4 51. Rxa5 e3 52. Ra1 e2 53. h4 Ke3 54. h5 Kd2 55. h6 1-0

[Event "POL-chT 2nd League"]
[Site "Szczyrk"]
[Date "2014.09.09"]
[Round "4.47"]
[White "Katafiasz, Tomasz"]
[Black "Matlewski, Adam"]
[Result "0-1"]
[WhiteElo "1890"]
[BlackElo "1659"]
[PlyCount "78"]
[EventDate "2014.09.06"]
[EventType "team-swiss"]
[EventRounds "9"]
[EventCountry "POL"]
[SourceTitle "EXT 2015"]
[Source "ChessBase"]
[SourceDate "2014.11.20"]
[SourceVersion "1"]
[SourceVersionDate "2014.11.20"]
[SourceQuality "1"]
[WhiteTeam "Znin Baszta II"]
[BlackTeam "Konin UKS Smecz"]
[WhiteTeamCountry "POL"]
[BlackTeamCountry "POL"]

1. d4 Nf6 2. c4 e6 3. Nc3 d5 4. Nf3 c6 5. g3 Nbd7 6. Bg2 dxc4 7. e4 Bb4 8. Qc2 Qa5 9. 0-0 Bxc3 10. bxc3 c5 11. Bd2 b5 12. a4 b4 13. cxb4 cxb4 14. d5 c3 15. Bf4 Ba6 16. dxe6 fxe6 17. Rfd1 e5 18. Be3 Bc4 19. Rac1 0-0 20. Nd2 Be2 21. Qa2+ Kh8 22. Nb3 Qa6 23. Re1 Bc4 24. Bh3 Nb6 25. a5 Nxe4 26. Qc2 Bxb3 27. Qxe4 Qxa5 28. Ra1 Qb5 29. Bf1 Bc4 30. Bg2 Bd3 31. Qb7 e4 32. Bh3 Qd5 33. Qe7 Qf7 34. Qxb4 Nd5 35. Qc5 Nxe3 36. Qxe3 a5 37. Ra4 Qb3 38. Bd7 Rf3 39. Qd4 h6 0-1

[Event "POL-chT 2nd League"]
[Site "Szczyrk"]
[Date "2014.09.06"]
[Round "1.47"]
[White "Katafiasz, Tomasz"]
[Black "Wozniak, Maciej"]
[Result "0-1"]
[WhiteElo "1890"]
[BlackElo "2148"]
[PlyCount "72"]
[EventDate "2014.09.06"]
[EventType "team-swiss"]
[EventRounds "9"]
[EventCountry "POL"]
[SourceTitle "EXT 2015"]
[Source "ChessBase"]
[SourceDate "2014.11.20"]
[SourceVersion "1"]
[SourceVersionDate "2014.11.20"]
[SourceQuality "1"]
[WhiteTeam "Znin Baszta II"]
[BlackTeam "Stara Wies Parnas"]
[WhiteTeamCountry "POL"]
[BlackTeamCountry "POL"]

1. d4 d5 2. c4 c6 3. Nf3 Nf6 4. Nc3 dxc4 5. a4 Bg4 6. Ne5 Bh5 7. Nxc4 e6 8. Qb3 Na6 9. Bf4 Nb4 10. f3 Be7 11. e4 0-0 12. Rd1 Bg6 13. Ne5 Qb6 14. Bc4 Rad8 15. Be3 Nfd5 16. a5 Qxa5 17. exd5 Bc2 18. Qa3 Nd3+ 19. Bxd3 Bxa3 20. Ra1 Qb4 21. Rxa3 Qxb2 22. Nc4 Qb4 23. Bxc2 Qxc4 24. Kd2 cxd5 25. Bd3 Qb4 26. Ra2 Rc8 27. Rc1 b5 28. Bxb5 Rxc3 29. Rxc3 Qxb5 30. Bf4 Qf1 31. Ke3 f6 32. Rxa7 e5 33. Bg3 Qg1+ 34. Bf2 exd4+ 35. Ke2 Re8+ 36. Kd3 Qd1# 0-1

[Event "POL-chT2"]
[Site "Poronin"]
[Date "2013.09.07"]
[Round "1"]
[White "Wojtaszewski, Piotr"]
[Black "Katafiasz, Tomasz"]
[Result "1-0"]
[WhiteElo "2039"]
[BlackElo "1877"]
[PlyCount "103"]
[EventDate "2013.09.06"]
[EventType "team-swiss"]
[EventRounds "9"]
[EventCountry "POL"]
[SourceTitle "EXT 2015"]
[Source "ChessBase"]
[SourceDate "2014.11.20"]
[SourceVersion "1"]
[SourceVersionDate "2014.11.20"]
[SourceQuality "1"]
[WhiteTeam "Chylice UKS Szachylice"]
[BlackTeam "Znin Baszta II"]
[WhiteTeamCountry "POL"]
[BlackTeamCountry "POL"]

1. e4 c5 2. Nf3 Nc6 3. Bb5 g6 4. Bxc6 dxc6 5. 0-0 Bg7 6. d3 Nf6 7. h3 0-0 8. Nc3 Qc7 9. Be3 b6 10. Qd2 Re8 11. Bh6 e5 12. Bxg7 Kxg7 13. Nh2 Nh5 14. Ne2 Nf4 15. Nxf4 exf4 16. Nf3 h6 17. Rae1 Be6 18. Qc3+ f6 19. e5 f5 20. Nd2 Qe7 21. Nc4 Bxc4 22. e6+ Qf6 23. Qxc4 Qd4 24. Qa6 Re7 25. Re2 f3 26. gxf3 Rae8 27. Rfe1 Qxb2 28. Qa4 Qb5 29. Qf4 Qb4 30. Qe5+ Kh7 31. Qd6 Qh4 32. Kg2 Kg7 33. c3 Rc8 34. d4 cxd4 35. cxd4 Qf6 36. Rc2 Qg5+ 37. Kh2 Rce8 38. Rxc6 Qd2 39. Qe5+ Kh7 40. Re2 Qg5 41. d5 Qh5 42. d6 Qxf3 43. Rec2 Rg7 44. Rc7 Reg8 45. Rxg7+ Rxg7 46. e7 g5 47. e8Q g4 48. Qxg7+ Kxg7 49. Rc7+ Kf6 50. Qe7+ Kg6 51. Qg7+ Kh5 52. hxg4+ 1-0

[Event "POL-ch Amateur"]
[Site "Wroclaw"]
[Date "2013.??.??"]
[Round "1"]
[White "Rossienik, Wieslaw"]
[Black "Katafiasz, Tomasz"]
[Result "0-1"]
[WhiteElo "1488"]
[BlackElo "1876"]
[PlyCount "116"]
[EventDate "2013.06.??"]
[EventType "swiss"]
[EventRounds "9"]
[EventCountry "POL"]
[SourceTitle "EXT 2014"]
[Source "ChessBase"]
[SourceDate "2013.11.20"]
[SourceVersion "1"]
[SourceVersionDate "2013.11.20"]
[SourceQuality "1"]

1. e4 d5 2. exd5 Nf6 3. d4 Nxd5 4. Nf3 Bf5 5. Be2 e6 6. 0-0 Be7 7. c3 0-0 8. Ne5 c5 9. Bg4 Bxg4 10. Nxg4 cxd4 11. Qxd4 Nc6 12. Qd1 Qb6 13. Qb3 Qc7 14. Ne3 Nf4 15. Nd2 Ne5 16. Nec4 Ne2+ 17. Kh1 Nd3 18. Nf3 Nexc1 19. Raxc1 Nxc1 20. Rxc1 Bf6 21. Ne3 Qf4 22. Qc4 Qxc4 23. Nxc4 Rfd8 24. Kg1 Rac8 25. Ncd2 Bg5 26. Rc2 Bxd2 27. Nxd2 Rd5 28. Kf1 Rcd8 29. Nf3 g5 30. h3 h5 31. Ke2 g4 32. hxg4 hxg4 33. Nd2 Re5+ 34. Kf1 Kg7 35. g3 Kg6 36. f4 Re3 37. Kf2 Red3 38. Nf1 f6 39. Re2 Kf7 40. Rc2 Rh8 41. Kg2 b5 42. a3 a5 43. Nd2 Rhd8 44. Nf1 Ke7 45. Re2 Kf7 46. Kf2 f5 47. Rc2 Rf3+ 48. Kg2 Rd1 49. Nd2 Rd3 50. Nf1 Re1 51. Rf2 Rdd1 52. Kg1 Ke7 53. Kg2 Kd6 54. Kg1 Kc5 55. Kg2 a4 56. Kg1 Kc4 57. Kg2 Kd3 58. Kg1 Rxf1+ 0-1

[Event "POL-ch Amateur"]
[Site "Wroclaw"]
[Date "2012.06.22"]
[Round "1"]
[White "Siekanowicz, Agnieszka"]
[Black "Katafiasz, Tomasz"]
[Result "0-1"]
[WhiteElo "1426"]
[BlackElo "1914"]
[PlyCount "22"]
[EventDate "2012.06.22"]
[EventType "swiss"]
[EventRounds "7"]
[EventCountry "POL"]
[SourceTitle "EXT 2013"]
[Source "ChessBase"]
[SourceDate "2012.11.22"]
[SourceVersion "1"]
[SourceVersionDate "2012.11.22"]
[SourceQuality "1"]

1. e4 c5 2. Nf3 Nc6 3. d4 cxd4 4. Nxd4 Nf6 5. Nc3 e5 6. Nf3 Bb4 7. Bd3 d6 8. Bd2 Bg4 9. Qe2 Nd4 10. Qe3 Bc5 11. Nxe5 Nxc2+ 0-1

[Event "POL-chT 2nd League"]
[Site "Mrzezyno"]
[Date "2011.09.09"]
[Round "7"]
[White "Stepien, Marcin"]
[Black "Katafiasz, Tomasz"]
[Result "1-0"]
[WhiteElo "2132"]
[BlackElo "1905"]
[PlyCount "67"]
[EventDate "2011.09.03"]
[EventType "team-swiss"]
[EventRounds "9"]
[EventCountry "POL"]
[SourceTitle "EXT 2015"]
[Source "ChessBase"]
[SourceDate "2014.11.20"]
[SourceVersion "1"]
[SourceVersionDate "2014.11.20"]
[SourceQuality "1"]
[WhiteTeam "Wisznia Mala OKSiR"]
[BlackTeam "Znin Baszta II"]
[WhiteTeamCountry "POL"]
[BlackTeamCountry "POL"]

1. e4 c5 2. Nc3 Nc6 3. Bb5 Nd4 4. Bc4 e6 5. Nf3 Qc7 6. 0-0 a6 7. a4 Nf6 8. d3 Be7 9. h3 Nxf3+ 10. Qxf3 d6 11. Qg3 Bd7 12. f4 Nh5 13. Qf3 g6 14. g4 Ng7 15. f5 Bf6 16. fxg6 Bd4+ 17. Kg2 f5 18. gxf5 Nxf5 19. exf5 Bc6 20. Ne4 d5 21. fxe6 0-0-0 22. Qg4 h5 23. Qf5 Qe7 24. Bg5 Qe8 25. e7+ Rd7 26. Nd6+ Kb8 27. Nxe8 dxc4+ 28. Kh2 Rxe8 29. Rae1 Rd5 30. Bf4+ Ka7 31. Qf7 cxd3 32. cxd3 Bxb2 33. g7 Rxd3 34. g8Q 1-0

[Event "POL-chT 2nd League"]
[Site "Mrzezyno"]
[Date "2011.09.05"]
[Round "3"]
[White "Katafiasz, Tomasz"]
[Black "Cichy, Kamil"]
[Result "0-1"]
[WhiteElo "1905"]
[BlackElo "1946"]
[PlyCount "114"]
[EventDate "2011.09.03"]
[EventType "team-swiss"]
[EventRounds "9"]
[EventCountry "POL"]
[SourceTitle "EXT 2015"]
[Source "ChessBase"]
[SourceDate "2014.11.20"]
[SourceVersion "1"]
[SourceVersionDate "2014.11.20"]
[SourceQuality "1"]
[WhiteTeam "Znin Baszta II"]
[BlackTeam "Rybnik MKSz"]
[WhiteTeamCountry "POL"]
[BlackTeamCountry "POL"]

1. Nf3 c5 2. c4 Nc6 3. d4 cxd4 4. Nxd4 g6 5. e4 Bg7 6. Be3 d6 7. Nc3 Nf6 8. Be2 0-0 9. 0-0 Qa5 10. Nb3 Qd8 11. f3 Bd7 12. Qd2 Rc8 13. Rac1 Ne5 14. Nd5 b6 15. Rfd1 Bc6 16. Nd4 Bb7 17. b3 Ned7 18. Nb5 a6 19. Nbc3 Nxd5 20. Nxd5 Re8 21. Bf1 a5 22. Qf2 Nc5 23. g3 Bxd5 24. Rxd5 Qc7 25. Rcd1 Rb8 26. Qc2 Rec8 27. R5d2 Qb7 28. Bh3 Re8 29. Bf1 Rec8 30. Bh3 Re8 31. Bg2 Rec8 32. Rd5 Na6 33. Qf2 Nc5 34. Bd4 Bxd4 35. R5xd4 Qc7 36. Bh3 Rd8 37. Bf1 e5 38. R4d2 Ne6 39. Bh3 Nd4 40. f4 a4 41. f5 axb3 42. f6 Qxc4 43. Rxd4 exd4 44. Qf4 Kh8 45. Rc1 bxa2 46. Rxc4 a1Q+ 47. Rc1 Qa3 48. Re1 Qc3 49. Kf1 d3 50. Rc1 Qe5 51. Qf3 d5 52. exd5 Qxd5 53. Qf4 d2 54. Rd1 Qh1+ 55. Ke2 Re8+ 56. Be6 Rxe6+ 57. Kxd2 Rd8+ 0-1

[Event "POL-chT3 Kujawsko Pomorskie 1011"]
[Site "Poland"]
[Date "2011.04.17"]
[Round "11.21"]
[White "Theuss, Tomasz"]
[Black "Katafiasz, Tomasz"]
[Result "0-1"]
[WhiteElo "1812"]
[BlackElo "1866"]
[PlyCount "52"]
[EventDate "2010.11.07"]
[EventType "team-tourn"]
[EventRounds "11"]
[EventCountry "POL"]
[SourceTitle "EXT 2019"]
[Source "ChessBase"]
[SourceDate "2018.10.10"]
[SourceVersion "1"]
[SourceVersionDate "2018.10.10"]
[SourceQuality "1"]

1. e4 c5 2. Nf3 Nc6 3. d4 cxd4 4. Nxd4 Nf6 5. Nc3 e5 6. Ndb5 d6 7. Bg5 a6 8. Na3 b5 9. Nd5 Be7 10. Nxe7 Nxe7 11. Bxf6 gxf6 12. Bd3 d5 13. c3 Rg8 14. g3 Bb7 15. Qe2 Qc7 16. 0-0 Ng6 17. Kh1 Qd7 18. f3 h5 19. exd5 h4 20. Bxg6 hxg3 21. hxg3 Rxg6 22. Qg2 Ke7 23. Kg1 Rag8 24. Kf2 Bxd5 25. Rad1 Qa7+ 26. Ke2 Rxg3 0-1

[Event "POL-chT3 Kujawsko Pomorskie 1011"]
[Site "Poland"]
[Date "2011.03.27"]
[Round "9.15"]
[White "Jablonski, Miroslaw"]
[Black "Katafiasz, Tomasz"]
[Result "1-0"]
[WhiteElo "2049"]
[BlackElo "1866"]
[PlyCount "77"]
[EventDate "2010.11.07"]
[EventType "team-tourn"]
[EventRounds "11"]
[EventCountry "POL"]
[SourceTitle "EXT 2019"]
[Source "ChessBase"]
[SourceDate "2018.10.10"]
[SourceVersion "1"]
[SourceVersionDate "2018.10.10"]
[SourceQuality "1"]

1. d4 Nf6 2. Nf3 g6 3. c4 Bg7 4. Nc3 d5 5. cxd5 Nxd5 6. e4 Nxc3 7. bxc3 c5 8. Bb5+ Bd7 9. Bxd7+ Qxd7 10. 0-0 0-0 11. Be3 cxd4 12. cxd4 Nc6 13. Qa4 Rfd8 14. Rad1 b6 15. d5 Ne5 16. Qxd7 Nxf3+ 17. gxf3 Rxd7 18. Rc1 f5 19. Rc2 Rf8 20. Rfc1 f4 21. Bd2 Be5 22. Bb4 Kf7 23. a4 g5 24. Rc6 Rg8 25. Rh6 Rg7 26. Rcc6 g4 27. Kg2 g3 28. fxg3 fxg3 29. h3 Bf4 30. Rh5 Ke8 31. Rf5 Bd6 32. Rc8+ Rd8 33. Rf8+ Kxf8 34. Rxd8+ Kf7 35. Bxd6 exd6 36. Rxd6 Ke7 37. Rc6 Kd7 38. e5 Rg5 39. f4 1-0

[Event "POL-chT3 1112"]
[Site "Poland"]
[Date "2011.??.??"]
[Round "2.15"]
[White "Karpus, Michal"]
[Black "Katafiasz, Tomasz"]
[Result "1-0"]
[WhiteElo "1582"]
[BlackElo "1905"]
[PlyCount "77"]
[EventDate "2011.11.06"]
[EventType "team-tourn"]
[EventRounds "11"]
[EventCountry "POL"]
[SourceTitle "EXT 2015"]
[Source "ChessBase"]
[SourceDate "2014.11.20"]
[SourceVersion "1"]
[SourceVersionDate "2014.11.20"]
[SourceQuality "1"]
[WhiteTeam "Grudziadz Rotmistrz III"]
[BlackTeam "Znin Baszta II"]
[WhiteTeamCountry "POL"]
[BlackTeamCountry "POL"]

1. e4 c5 2. c3 d5 3. exd5 Qxd5 4. d4 Nf6 5. Nf3 Bg4 6. Be2 e6 7. Be3 cxd4 8. cxd4 Nc6 9. 0-0 a6 10. Nc3 Qd6 11. a3 Be7 12. Qd2 Rd8 13. Rfd1 Nd5 14. Nxd5 Qxd5 15. Rac1 0-0 16. h3 Bh5 17. Bc4 Qe4 18. Bd3 Qd5 19. Bc4 Qe4 20. Bd3 Qd5 21. Bc4 Qd7 22. Qe2 Na5 23. Ba2 Bd6 24. g4 Bg6 25. d5 exd5 26. Bb6 Rde8 27. Qf1 Nc4 28. Bxc4 dxc4 29. Rxc4 Be4 30. Ng5 Qb5 31. Nxe4 Rxe4 32. Rxe4 Qxb6 33. Qd3 Bc5 34. Rd2 Qh6 35. b4 Ba7 36. Qd6 Qh4 37. Rde2 h5 38. Qxf8+ Kh7 39. Qd6 1-0

[Event "POL-chT3 Kujawsko Pomorskie 1011"]
[Site "Poland"]
[Date "2010.11.07"]
[Round "1.16"]
[White "Grajczak, Adrian"]
[Black "Katafiasz, Tomasz"]
[Result "1-0"]
[WhiteElo "2000"]
[BlackElo "1866"]
[PlyCount "107"]
[EventDate "2010.11.07"]
[EventType "team-tourn"]
[EventRounds "11"]
[EventCountry "POL"]
[SourceTitle "EXT 2019"]
[Source "ChessBase"]
[SourceDate "2018.10.10"]
[SourceVersion "1"]
[SourceVersionDate "2018.10.10"]
[SourceQuality "1"]

1. e4 c5 2. Nf3 Nc6 3. d4 cxd4 4. Nxd4 Nf6 5. Nc3 e5 6. Ndb5 d6 7. Bg5 a6 8. Na3 Be7 9. Bxf6 Bxf6 10. Nc4 Be7 11. Nd5 0-0 12. Nxe7+ Qxe7 13. Qxd6 Qg5 14. Qd2 Qg6 15. f3 Be6 16. Ne3 Rad8 17. Qf2 Rd7 18. a3 Rfd8 19. Bd3 Qg5 20. Rd1 g6 21. 0-0 b5 22. a4 Nd4 23. axb5 axb5 24. Ra1 f5 25. exf5 gxf5 26. f4 exf4 27. Qxf4 Rg7 28. Qxg5 Rxg5 29. Ra6 Bc8 30. Rb6 Rf8 31. Rf4 Ne6 32. Rxf5 Rfxf5 33. Nxf5 Nf4 34. Ne7+ Kf7 35. Nxc8 Rxg2+ 36. Kf1 Rxh2 37. Be4 h5 38. Rxb5 Ke6 39. c4 h4 40. Rf5 Ne2 41. Rf2 Ng3+ 42. Kg1 Rxf2 43. Bd5+ Kd7 44. Nb6+ Kc7 45. Na8+ Kb8 46. Kxf2 Nf5 47. Nb6 Kc7 48. c5 Nd4 49. Na4 Nc2 50. Nc3 Nb4 51. Be4 Na6 52. Nb5+ Kb8 53. c6 Kc8 54. Kg2 1-0

[Event "Znin op"]
[Site "Znin"]
[Date "2010.06.30"]
[Round "6"]
[White "Katafiasz, Tomasz"]
[Black "Szary, Marcin"]
[Result "1/2-1/2"]
[WhiteElo "2000"]
[BlackElo "1856"]
[PlyCount "24"]
[EventDate "2010.06.27"]
[EventType "swiss"]
[EventRounds "9"]
[EventCountry "POL"]
[SourceTitle "CBM 137 Extra"]
[Source "ChessBase"]
[SourceDate "2010.09.01"]
[SourceVersion "1"]
[SourceVersionDate "2010.09.01"]
[SourceQuality "1"]

1. d4 e6 2. c4 b6 3. Nf3 Bb7 4. g3 Bb4+ 5. Bd2 Bxd2+ 6. Qxd2 Bxf3 7. exf3 d5 8. Bg2 Ne7 9. 0-0 0-0 10. Nc3 Nbc6 11. cxd5 Nxd5 12. Nxd5 Qxd5 1/2-1/2

[Event "Znin op"]
[Site "Znin"]
[Date "2010.06.28"]
[Round "2"]
[White "Wodzynski, Mieszko"]
[Black "Katafiasz, Tomasz"]
[Result "0-1"]
[WhiteElo "1807"]
[BlackElo "2000"]
[PlyCount "57"]
[EventDate "2010.06.27"]
[EventType "swiss"]
[EventRounds "9"]
[EventCountry "POL"]
[SourceTitle "CBM 137 Extra"]
[Source "ChessBase"]
[SourceDate "2010.09.01"]
[SourceVersion "1"]
[SourceVersionDate "2010.09.01"]
[SourceQuality "1"]

1. e4 c5 2. Nf3 Nc6 3. d4 cxd4 4. Nxd4 Nf6 5. Nc3 e5 6. Ndb5 d6 7. Bg5 a6 8. Bxf6 gxf6 9. Na3 b5 10. Nd5 f5 11. Bd3 Be6 12. c4 Rb8 13. cxb5 Bxd5 14. exd5 Qa5+ 15. Qd2 Qxd2+ 16. Kxd2 Bh6+ 17. Ke1 Nd4 18. f3 Ke7 19. Rd1 Rhc8 20. b6 Rxb6 21. Nc4 Rxc4 22. Bxc4 Rxb2 23. Bd3 Rxg2 24. Rf1 Bg5 25. Rb1 Rxa2 26. h3 a5 27. Rb7+ Kf6 28. Rd7 Bd2+ 29. Kd1 0-1